000 01010nas a2200325 4500
001 BR2017003058
003 BR-BrBNA
005 20231205131136.0
007 ta
008 230509b bl.|||p| |||| 00| 00por d
040 _aBR-BrBNA
_bpor
_cBiblioteca Nacional de Agricultura
041 _a(En)
072 _aQ04; Q02
100 1 _aVirgolin, L.B.
100 1 _aSeixas, F.R.F.
100 1 _aJanzantti, N.S.
245 1 _aCompositions, content of bioactive compounds, and antioxidant activity of fruit pulps from the Brazilian Amazon biome
650 _aABIU
650 _aARAÇÁ-BOI
650 _aMANGOSTÃO
650 _aFRUTA TROPICAL
650 _aPROPRIEDADE FÍSICO-QUÍMICA
650 _aPOLPA
650 _aMACROELEMENTO
650 _aMICROELEMENTO
650 _aTECNOLOGIA DE ALIMENTO
773 0 _tPesquisa Agropecuária Brasileira (Brazil)
_xISSN 0100-204X
_g(Oct 2017), v. 52(10) p. 933-941
_wBR2017003058
909 _a202311
_bLúcia
_c55
_dLúcia Elande
942 _2AGRIS
_n0
_cANA
999 _c253231
_d253231